000 00678nam a22001817a 4500
999 _c370774
_d370774
008 201130b ||||| |||| 00| 0 eng d
040 _bger
_cDE-2950
_erda
_aDE-2950
041 _ager
245 _aSechs Stunden voller Kultur.
_b21. Ausgabe: Bei der "Kurzen Nacht der Museen" ist erstmals der Verein Historische Straßenbahnen dabei /
_cRed.
264 _c2021
653 _aFrankfurt (Oder)
653 _aNacht der Museen
773 _dFrankfurt (Oder): Märkisches Verlags- und Druckhaus GmbH & Co KG
_g32. Jahrgang (2021) Nr. 205 vom 03.09.2021, S. 15: Foto
_tMärkische Oderzeitung
942 _cA